Républiques de Yougoslavie - Statistiques

Statistiques générales
  • Ce quiz a été pris 192 fois
  • Le résultat moyen est 7 sur 8
Réponses sur la Carte
Les réponses sont colorées sur une échelle allant du rouge au vert en fonction du pourcentage des utilisateurs qui les ont devinées à leur premier essai. Vous pouvez retrouver ces pourcentages ci-dessous.
 
Statistiques - réponses
Capitale République/Province % Correct
Zagreb RS de Croatie
97%
Belgrade RS de Serbie
96%
Sarajevo RS de Bosnie-Herzégovine
94%
Ljubljana RS de Slovénie
94%
Pristina PSA du Kosovo
91%
Skopje RS de Macédoine
88%
Podgorica RS du Monténégro
87%
Novi Sad PSA de Voïvodine
27%
Aucun quiz correspondant
Distribution des résultats
% des personnes avec chaque résultat
Percentile par nombre de réponses
Votre historique - résultats
Vous n’avez pas pris ce quiz